000 00323nam a2200133 i 4500
001 bg
100 1 _aTÜRSCHMID, R.
245 0 _aKotłownie i elektrociepłownie przemysłowe /
_cR. Türschmid.
260 _aWarszawa,
_c1988.
040 _cBPK
041 _apol
942 _cKS
008 s pl f |000 0 pol
999 _c3631
_d3631
856 _uhttp://koha.tu.koszalin.pl/cgi-bin/koha/opac-detail.pl?biblionumber=3631
_yKatalog online BPK